Statistics for League of Legends S8 World's teams + extras

Click here to take the quiz!

General Stats

  • This quiz has been taken 5 times
  • The average score is 13 of 17

Answer Stats

RegionTeam% Correct
KR 2nd seedAfreeca Freaks
100%
NA 3rd seedCloud 9
100%
EU 1st seedFnatic
100%
EU 3rd seedG2
100%
KR 1st seedKT Rolster
100%
NA 1st seedTeam Liquid
100%
EU 2nd seedVitality
100%
NA 2nd see100 thieves
67%
CN 3rd seedEDG
67%
LMS 1st seedFlash Wolves
67%
KR 3rd seedGen G
67%
CN 2nd seedIG
67%
WinnerIG
67%
CN 1st seedRNG
67%
MVPRookie
67%
LMS 3rd seedG Rex
33%
LMS 2nd seedTeam MAD
0%

Score Distribution

Percentile by Number Answered

Percent of People with Each Score

Your Score History

You have not taken this quiz